000
00335nam a2200133Ia 4500
008
100328s9999 xx 000 0 und d
082
_b
29371
100
_a
आपटे ह.ना.
245
_a
मी
260
_b
सिर्व्हडीया प्रकाशन
630
_a
मी
730
_a
मी
942
_c
BOOK
999
_c
520405
_d
520402